000 00761nam a22002175i 4500
001 171995
003 ES-MaACL
005 20230906214804.0
008 090610s1956 sp |||| | spa d
080 _a821.134.2-31"19"
100 1 _aSoubiran, André.
_9107556
245 1 4 _aLos hombres de blanco /
_cAndré Soubiran.
250 _a[1ª ed.].
260 _aBarcelona :
_bLuis de Caralt,
_c[1956]
300 _a3 v. ;
_c20 cm.
490 1 _aColección Gigante
505 8 _aContiene: I. Tú serás médico.- 248 p., 2 h. II. La noche del baile.- [Externados...] 318 p., 1 h. III. Diario de un médico de aldea [Val de Grâce].- 484 p., 1 h.
830 0 _aColección Gigante
_9181935
852 _aES-MaACL
_jC-10445-47
_9R.38569
999 _c171995
_d171995